NHL:ssä pelanneet suomalaiset - Statistics

Yleistilastot
  • Tätä visaa on pelattu 2 341 kertaa
    24 viimeisimmän päivityksen jälkeen
  • Keskiarvotulos 165 / 276
Vastaustilastot
Vuodet Joukkueet Vastaus % Oikein
2013- FLA Aleksander Barkov
100%
1980-1990,1991-1998 EDM, LAK,NYR, ANA, COL Jari Kurri
95%
2016- TOR, PIT,STL, EDM Kasperi Kapanen
95%
2005-2021 MIN, CBJ Mikko Koivu
95%
2015- COL, CAR,DAL Mikko Rantanen
95%
2002-2008 DAL, ATL, PHX Niko Kapanen
95%
2024- MTL Oliver Kapanen
95%
1995-2014 MTL, ANA Saku Koivu
95%
1995-2008 HFD, CAR,PHI Sami Kapanen
95%
2021-2023 COL Sampo Ranta
95%
1992-2014 WPG, ANA,SJS, COL Teemu Selänne
95%
1995-2010 DAL Jere Lehtinen
90%
2005-2018 DAL, TBL,CAR, PIT, FLA, EDM, LAK, CBJ, VAN Jussi Jokinen
90%
2019- NYR, SEA Kaapo Kakko
90%
2018- DAL Miro Heiskanen
90%
1998-2015 LAK, NYI,FLA, PHX, CGY, NYR, WPG, NSH, TOR, STL Olli Jokinen
90%
2016- WPG, CBJ,MTL Patrik Laine
90%
2005-2021 NSH Pekka Rinne
90%
1985 PIT Petteri Lehto
90%
2016- CAR Sebastian Aho
90%
1979-1980 WSH Antero Lehtonen
85%
1997-2000 ANA Antti Aalto
85%
2000-2001 ANA Antti-Jussi Niemi
85%
2008-2019 CHI, SJS,DAL, PIT, FLA, MTL Antti Niemi
85%
2013- MIN, VGK,CAR, FLA NSH, BOS, NJD Erik Haula
85%
1985-1994,1995-1999 EDM, NYR,STL, NJD, VAN, FLA, WSH Esa Tikkanen
85%
2000-2011 VAN, PIT,OTT, ANA Jarkko Ruutu
85%
2016-20192021- EDM, CAR,PIT, FLA Jesse Puljujärvi
85%
2014- BUF, WPG,MTL, LAK Joel Armia
85%
1997-2001 DAL, MTL Juha Lind
85%
2015- NSH Juuse Saros
85%
2026- BUF Konsta Helenius
85%
1995-1996,2001-2002 MTL, NYI Marko Kiprusoff
85%
2014-2020 CGY, VAN, EDM Markus Granlund
85%
2001-2013 SJS, CGY Miikka Kiprusoff
85%
2013- MIN, NSH,PIT, SJS, DAL, ANA Mikael Granlund
85%
2006-2007 NSH Mikko Lehtonen
85%
2009 BOS Mikko Lehtonen
85%
2021 TOR, CBJ Mikko Lehtonen
85%
2021-2022 NYI Robin Salo
85%
1996,1998-2003 CGY, TBL,COL, DAL, CHI Sami Helenius
85%
1998-2014 OTT, VAN,TBL Sami Salo
85%
2024- LAK Samuel Helenius
85%
2003-2016 CHI. CAR,NJD Tuomo Ruutu
85%
2007-2022 BOS Tuukka Rask
85%
2000-2004,2005-2007 COL, PIT,CHI, CGY, NYR, SJS, STL Ville Nieminen
85%
1995-1997,1998-2000, 2006-2009 SJS, NSH,FLA Ville Peltonen
85%
1995-2006 LAK, TOR Aki-Petteri Berg
80%
2013-2024 CHI, NYR,ARI, CAR Antti Raanta
80%
1986-1995 BUF, CHI,VAN Christian Ruuttu
80%
2016- DAL Esa Lindell
80%
2018- CHI, BUF,BOS Henri Jokiharju
80%
2013 NSH Joonas Rask
80%
2007-2008 PHI Jussi Timonen
80%
2021- COL, NSH Justus Annunen
80%
2004-2018 ATL, DAL Kari Lehtonen
80%
1998-2015 NSH, PHI,CHI Kimmo Timonen
80%
1985-1987,1988 NYR, MNS,NYI Raimo Helminen
80%
2009 TBL Riku Helenius
80%
2014- CHI, CAR Teuvo Teräväinen
80%
2021 BUF Arttu Ruotsalainen
75%
2018,2021- NSH, SEA Eeli Tolvanen
75%
1982-1986 BUF Hannu Virta
75%
2014-2019 STL, PHI Jori Lehterä
75%
2022- NSH, COL,NYR Juuso Pärssinen
75%
1988-2003 MTL, VAN,PHX, DAL, TOR Jyrki Lumme
75%
2013, 2014-2021 TOR, NYI Leo Komarov
75%
2020- STL, NYR,FLA Niko Mikkola
75%
2013- PIT, CHI,LAK, DET, UTA, CGY Olli Määttä
75%
1947-1953 BOS, NYR Pentti Lund
75%
2000-2001,2006-2008 CBJ, MIN Petteri Nummelin
75%
2013- BUF, PHI Rasmus Ristolainen
75%
1981-1986,1987, 1989-1990 NYR, EDM,NJD Reijo Ruotsalainen
75%
2018- DAL Roope Hintz
75%
1988-2009 WPG, PHX,DAL, BUF Teppo Numminen
75%
2001-2002 ANA Timo Pärssinen
75%
2018-2019,2021- BOS, ANA,NYR Urho Vaakanainen
75%
2005-2021 DET, TBL,PHI, NYI Valtteri Filppula
75%
2021- FLA Anton Lundell
70%
2025- DAL Arttu Hyry
70%
2019,2021- CAR, FLA Eetu Luostarinen
70%
1988-1990 QUE Iiro Järvi
70%
2018- MTL, CAR Jesperi Kotkaniemi
70%
2021-2024 MTL Jesse Ylönen
70%
2015- CBJ, LAK,OTT, BOS Joonas Korpisalo
70%
1997-2002 PHX, TBL,OTT Juha Ylönen
70%
2014-2017 DAL, CGY,OTT Jyrki Jokipakka
70%
2021- CHI, NSH,VAN Kevin Lankinen
70%
2022- ARI, UTA,TOR Matias Maccelli
70%
2006-2016 MIN, CGY Niklas Bäckström
70%
2000-2007,2008-2009 PHX, COL,PHI, VAN Ossi Väänänen
70%
2013-2021 ANA, NJD,CAR, DAL Sami Vatanen
70%
2003-2006,2007-2015 NYI, TBL,FLA, MIN Sean Bergenheim
70%
1985 BUF Timo Jutila
70%
2002 MIN Tony Virta
70%
2021- BUF Ukko-Pekka Luukkonen
70%
2020- ANA, CAR, DAL, TOR Jani Hakanpää
65%
1999-2001 LAK, NSH Jere Karalahti
65%
2025- NSH Joakim Kemell
65%
2020- DAL, COL Joel Kiviranta
65%
2015- SJS, COL,SEA Joonas Donskoi
65%
2018-2019,2021- CGY, ARI,UTA Juuso Välimäki
65%
1976-1977,1980-1982 BOS, EDM Matti Hagman
65%
2000 WSH Miika Elomo
65%
1985-1991,1995 NYI, LAK,BUF, BOS Mikko Mäkelä
65%
2001-2012 FLA, DAL, TOR, CGY, ANA Niklas Hagman
65%
2019- NYI Otto Koivula
65%
2001-2004 ATL Pasi Nurminen
65%
1991-1993 LAK, PIT, SJS, CGY Peter Ahola
65%
2005-2010,2011-2012 NYI, BOS,ANA, PHX, MTL Petteri Nokelainen
65%
1984-1987 EDM, VAN Raimo Summanen
65%
1985 EDM Risto Jalo
65%
2022- PIT Valtteri Puustinen
65%
2019, 2021-2023, 2024- WPG Ville Heinola
65%
2021- STL, DET Ville Husso
65%
2025- PIT Ville Koivunen
65%
2008-2014 DET, PHI, BUF Ville Leino
65%
2022- NYI, VAN Aatu Räty
60%
2024- ARI Aku Räty
60%
2004-2013 DAL, MIN,WPG Antti Miettinen
60%
2007-2009 NSH Antti Pihlström
60%
2016- MTL, COL Artturi Lehkonen
60%
1988-1992 MNS, SJS Jarmo Myllys
60%
2003-2013 PHI, EDM,CAR Joni Pitkänen
60%
2023- BOS, PIT Joona Koppanen
60%
2025- CAR Juha Jääskä
60%
1996-1997,2000 LAK, MIN Kai Nurminen
60%
2008-2017 NYR, ARI, EDM, DAL, CBJ Lauri Korpikoski
60%
2023- OTT Leevi Meriläinen
60%
2011,2018-2022 NYI, EDM Mikko Koskinen
60%
2023- OTT Nikolas Matinpalo
60%
2020-2022 VAN, FLA, DET Olli Juolevi
60%
1984-1992 VAN, BOS,WPG, SJS Petri Skriko
60%
2014-2017,2022 STL, FLA Petteri Lindbohm
60%
2021- LAK, WPG Rasmus Kupari
60%
1984 NYR Simo Saarinen
60%
2007 CGY Tomi Mäki
60%
1981-1982 CLR Veli-Pekka Ketola
60%
2021-2023 FLA Aleksi Heponiemi
55%
2008-2011 NJD, ATL Anssi Salmela
55%
1985 PIT Arto Javanainen
55%
2018, 2022 FLA, ARI Harri Säteri
55%
2018-2019,2021- FLA, CHI,WSH Henrik Borgström
55%
2025- SEA Jani Nyman
55%
1988-1990,1992-1993 NJD Janne Ojanen
55%
2024- COL Jere Innala
55%
2018-2019,2021-2022, 2025-2026 FLA, VAN Juho Lammikko
55%
1982-1983 CGY, EDM Kari Jalonen
55%
2004-2009 CHI, PHI Lasse Kukkonen
55%
2026- NJD Lenni Hämeenaho
55%
2002 MTL Martti Järventie
55%
1999-2001 PHX Mika Alatalo
55%
2000-2006 BUF, VAN Mika Noronen
55%
2019, 2021 MTL Otto Leskinen
55%
2023-2024,2026- OTT, EDM Roby Järventie
55%
2021-2022,2024- SJS, NJD Santeri Hatakka
55%
1981-1985,1986-1987 WSH, NJD Timo Blomqvist
55%
2000-2003 ATL Tomi Kallio
55%
2001-2010 SJS, TOR,ANA, CGY Vesa Toskala
55%
2018-2021 SJS Antti Suomela
50%
2024- WPG Brad Lambert
50%
2006-2008 CBJ Fredrik Norrena
50%
2005-2008 BOS Hannu Toivonen
50%
2014-2018 EDM Iiro Pakarinen
50%
2000-2003 OTT, FLA Jani Hurme
50%
1995-2003 QUE, COL,OTT, PIT, TBL Janne Laukkanen
50%
1996-2007 PHI, EDM,NYI, DAL, MTL Janne Niinimaa
50%
2008-2009 PIT Janne Pesonen
50%
2006-2007 NYR Jarkko Immonen
50%
2009-2011,2012-2014 NYI, EDM Jesse Joensuu
50%
2024- PIT Joel Blomqvist
50%
2015-2016 BOS Joonas Kemppainen
50%
2016-2019 DAL Julius Honka
50%
2001-2007 EDM, NYR Jussi Markkanen
50%
1981-1985,1986-1987 STL, CGY Kari Eloranta
50%
1986-1991 MNS, EDM Kari Takko
50%
1996 CGY Marko Jantunen
50%
2015-2019 CBJ Markus Hännikäinen
50%
2016-2021 CBJ, FLA Markus Nutivaara
50%
2023- CBJ Mikael Pyyhtiä
50%
2009-2010 PHI Mika Pyörälä
50%
1999-2003 BOS, LAK Mikko Eloranta
50%
2003 VAN Mikko Jokela
50%
1981-1984 NYR, WSH Mikko Leinonen
50%
2007-2008 CHI Petri Kontiola
50%
2002-2004 COL Riku Hahl
50%
1979-1987 EDM, HFD,QUE Risto Siltanen
50%
2013-2014 COL Sami Aittokallio
50%
2008-2012 WSH, PHX,CBJ, CHI Sami Lepistö
50%
2011-2013 EDM Teemu Hartikainen
50%
2000-2004,2005-2013 CGY, BUF,ANA Toni Lydman
50%
1996-1998 CHI, PIT Tuomas Grönman
50%
2021 CBJ Veini Vehviläinen
50%
2023 TBL Waltteri Merelä
50%
2019-2020 CAR, FLA Aleksi Saarela
45%
2022 FLA Anton Levtchi
45%
1998-2007 BOS, MIN,COL Antti Laaksonen
45%
2016, 2018-2019, 2021 NYI, TBL Christopher Gibson
45%
2002-2003 SJS, CBJ Hannes Hyvönen
45%
1986-1989 WPG Hannu Järvenpää
45%
2012 NJD Harri Pesonen
45%
2009 NYR Ilkka Heikkinen
45%
1981-1991 PHI, MNS,LAK Ilkka Sinisalo
45%
2017-2018,2020-2022 CAR, NJD Janne Kuokkanen
45%
2008 TBL Janne Niskala
45%
1989, 1991,1993-1994 BOS, OTT Jarmo Kekäläinen
45%
2000-2002 BOS Jarno Kultanen
45%
1983-1984 WPG Jyrki Seppä
45%
2017-2018 ANA Kalle Kossila
45%
2021-2022,2026- OTT Lassi Thomson
45%
2007-2008 LAK Lauri Tukonen
45%
2011-2013 EDM Lennart Petrell
45%
2021-2023 EDM Markus Niemeläinen
45%
2015-2019 NSH Miikka Salomäki
45%
1979-1982 AFM, CGY Pekka Rautakallio
45%
1998 CHI Petri Varis
45%
2018-2019,2022-2023 CAR, WPG Saku Mäenalanen
45%
2018-2022 WPG, MTL Sami Niku
45%
2003-2004,2006-2007 ATL, VAN Tommi Santala
45%
1993-1995 CGY Vesa Viitakoski
45%
2025- SEA Ville Ottavainen
45%
1985-1986 WPG Anssi Melametsä
40%
2004-2011 PHI, TBL,SJS Antero Niittymäki
40%
1995-1996 OTT Antti Törmänen
40%
1984-1985 NJD Hannu Kamppuri
40%
2012 ANA Iiro Tarkki
40%
2002-2006 EDM, PIT Jani Rita
40%
1986-1991 MNS, NYR,QUE, NYI Jari Grönstrand
40%
1993-1995 DAL Jarkko Varvio
40%
2019, 2023 WPG, CBJ Joona Luoto
40%
2001-2002 CGY, NSH Jukka Hentunen
40%
2018-2021 PIT Juuso Riikola
40%
2019- MIN, SJS,NJD, COL Kaapo Kähkönen
40%
1979-1980 EDM Kari Makkonen
40%
2002-2005 CBJ, PIT Lasse Pirjetä
40%
1989 WPG Markku Kyllönen
40%
1995,1999-2001 EDM, LAK,NYI Marko Tuomainen
40%
2006 NYI Masi Marjamäki
40%
2008-2009,2010 WSH, CAR Oskar Osala
40%
2015 CAR Rasmus Rissanen
40%
1981-1983 CLR, NJD Tapio Levo
40%
2009-2012 NSH Teemu Laakso
40%
2002-2003 STL Tom Koivisto
40%
2026- NJD Topias Vilén
40%
1985-1990 PIT, MNS Ville Sirén
40%
1985-1988 NYI Ari Haanpää
35%
2022 SJS Eetu Mäkiniemi
35%
2003-2004 LAK Esa Pirnes
35%
2017 FLA Henrik Haapala
35%
2009-2010 NJD Ilkka Pikkarainen
35%
1980-1981 CLR Jari Kaarela
35%
1988 CHI Jari Torkki
35%
1981-1982 CLR Jukka Porvari
35%
2006-2009,2013-2016 TBL, CGY Karri Rämö
35%
2019, 2021 TOR, NSH Kasimir Kaskisuo
35%
2022 PIT Kasper Björkqvist
35%
2018,2021-2022 WPG Kristian Vesalainen
35%
2015 MIN Michael Keränen
35%
2008 NJD Olli Malmivaara
35%
2010 DAL Perttu Lindgren
35%
2007 ANA Petteri Wirtanen
35%
2014-2017 DET, MIN,ARI Teemu Pulkkinen
35%
2002-2003 OTT Toni Dahlman
35%
2004-2007 NJD Tuomas Pihlman
35%
2007-2010 NSH, FLA Ville Koistinen
35%
2025- STL Aleksanteri Kaskimäki
30%
2014-2016 CGY Joni Ortio
30%
2013 MTL Joonas Nättinen
30%
2012-2013,2014 TOR, DAL Jussi Rynnäs
30%
1981, 1983 BUF Kai Suikkanen
30%
1979-1981,1982-1984 WPG, MNS,LAK Markus Mattsson
30%
2004 EDM Mikko Luoma
30%
2021 NYR Tarmo Reunanen
30%
2002-2006 NYI Tomi Pettinen
30%
2003-2004,2006-2007 EDM, CHI Tony Salmelainen
30%
2002-2003 EDM Kari Haakana
25%
Ehtoja vastaavia visoja ei löytynyt
Tulosjakauma
Jokaisen tuloksen saaneiden osuus
Persentiili vastausten määrän mukaan
Tuloshistoriasi
Et ole pelannut tätä visaa sen viimeisimmän päivityksen jälkeen